[Event "Xeraco Region-ch Preferente"]
[Site "Xeraco"]
[Date "2016.10.08"]
[Round "2"]
[White "Miquel Badenes, Indalecio"]
[Black "Cortell Canet, Miguel"]
[Result "1-0"]
[WhiteElo "1869"]
[BlackElo "1824"]
[PlyCount "65"]
[EventDate "2016.10.01"]
[EventType "swiss"]
[EventRounds "7"]
[EventCountry "ESP"]
[SourceTitle "EXT 2024"]
[Source "ChessBase"]
[SourceDate "2023.10.10"]
[SourceVersion "1"]
[SourceVersionDate "2023.10.10"]
[SourceQuality "1"]

1. d4 d5 2. c4 e6 3. Nc3 Nf6 4. Nf3 c6 5. e3 Be7 6. Qc2 Nbd7 7. b3 dxc4 8. bxc4 0-0 9. Bd3 h6 10. 0-0 Qc7 11. e4 e5 12. d5 Nc5 13. Be2 Bg4 14. Be3 Rac8 15. Rac1 Bh5 16. Rfd1 Rfd8 17. Qb1 Bg6 18. Nd2 cxd5 19. cxd5 Nxd5 20. Nxd5 Rxd5 21. Qb5 a6 22. Qc4 Rdd8 23. Bg4 b5 24. Qe2 Rb8 25. Nb3 Rxd1+ 26. Qxd1 Rd8 27. Qe2 Rd4 28. Nxd4 exd4 29. Bxd4 Qf4 30. Be3 Qe5 31. f4 Qc7 32. f5 Bh7 33. Qc2 1-0

[Event "Xeraco Region-ch Preferente"]
[Site "Xeraco"]
[Date "2016.10.01"]
[Round "1"]
[White "Minana Menor, Antonio"]
[Black "Miquel Badenes, Indalecio"]
[Result "1-0"]
[WhiteElo "2088"]
[BlackElo "1869"]
[PlyCount "73"]
[EventDate "2016.10.01"]
[EventType "swiss"]
[EventRounds "7"]
[EventCountry "ESP"]
[SourceTitle "EXT 2024"]
[Source "ChessBase"]
[SourceDate "2023.10.10"]
[SourceVersion "1"]
[SourceVersionDate "2023.10.10"]
[SourceQuality "1"]

1. e4 c5 2. Nf3 d6 3. d4 cxd4 4. Nxd4 Nf6 5. Nc3 a6 6. Bd3 e5 7. Nde2 Nbd7 8. 0-0 Nc5 9. Kh1 Be7 10. f4 0-0 11. Ng3 b5 12. a3 Bb7 13. fxe5 dxe5 14. Nf5 Ne6 15. Qf3 Nd4 16. Nxe7+ Qxe7 17. Qg3 Nh5 18. Qg5 Qxg5 19. Bxg5 f6 20. Be3 Ne6 21. Ne2 g6 22. a4 b4 23. a5 Rac8 24. Ra4 f5 25. Rxb4 Bxe4 26. Bc4 Rc6 27. Rc1 Rfc8 28. b3 Kg7 29. Nc3 Nf6 30. Rb7+ Kf8 31. Bh6+ Ke8 32. Nxe4 Nxe4 33. Rxh7 Nd4 34. Be3 Nd6 35. Bxd4 Nxc4 36. Re1 Nxa5 37. Rxe5+ 1-0

[Event "Xativa Murta op 2nd"]
[Site "Xativa"]
[Date "2016.08.27"]
[Round "8"]
[White "Cortes Marti, Javier"]
[Black "Miquel Badenes, Indalecio"]
[Result "1/2-1/2"]
[WhiteElo "2082"]
[BlackElo "1863"]
[PlyCount "76"]
[EventDate "2016.08.22"]
[EventType "swiss"]
[EventRounds "9"]
[EventCountry "ESP"]
[SourceTitle "CBM 174 Extra"]
[Source "ChessBase"]
[SourceDate "2016.10.10"]
[SourceVersion "1"]
[SourceVersionDate "2016.10.10"]
[SourceQuality "1"]

1. d4 d6 2. c4 e5 3. d5 f5 4. Nc3 Nf6 5. Nf3 Be7 6. e3 0-0 7. Be2 a5 8. b3 Na6 9. 0-0 Nc5 10. Bb2 Bd7 11. Qc2 Qe8 12. a3 Qg6 13. g3 Qh6 14. Ne1 Qh3 15. f3 g5 16. Rf2 f4 17. exf4 gxf4 18. gxf4 Bf5 19. Qd1 exf4 20. Nd3 Nxd3 21. Bxd3 Kf7 22. Bxf5 Rg8+ 23. Kh1 Qxf5 24. Qe2 Rae8 25. Raf1 Bd8 26. Qd2 Re3 27. Nb5 Qh3 28. Bxf6 Bxf6 29. Nd4 Bh4 30. Rg2 Be1 31. Qc2 Rxg2 32. Qxg2 Qxg2+ 33. Kxg2 Bc3 34. Nb5 Be5 35. Nxc7 Rxb3 36. Nb5 Rb2+ 37. Rf2 Rxf2+ 38. Kxf2 b6 1/2-1/2

[Event "Xativa Murta op 2nd"]
[Site "Xativa"]
[Date "2016.08.23"]
[Round "2"]
[White "Miquel Badenes, Indalecio"]
[Black "Ibanez Aullana, Jose Ramon"]
[Result "1-0"]
[WhiteElo "1863"]
[BlackElo "2249"]
[PlyCount "125"]
[EventDate "2016.08.22"]
[EventType "swiss"]
[EventRounds "9"]
[EventCountry "ESP"]
[SourceTitle "CBM 174 Extra"]
[Source "ChessBase"]
[SourceDate "2016.10.10"]
[SourceVersion "1"]
[SourceVersionDate "2016.10.10"]
[SourceQuality "1"]

1. d4 Nf6 2. c4 e6 3. Nf3 b6 4. g3 Ba6 5. Qc2 b5 6. Nbd2 bxc4 7. Nxc4 Bb4+ 8. Bd2 Qe7 9. Bg2 0-0 10. 0-0 Bxd2 11. Nfxd2 d5 12. Rfe1 c5 13. dxc5 Qxc5 14. Qa4 Ng4 15. e3 Bb5 16. Qd1 Nf6 17. Rc1 Nbd7 18. Ne5 Qb6 19. Nxd7 Nxd7 20. Nf3 Nc5 21. Bf1 Rac8 22. Qd4 Bxf1 23. Rxf1 Nd7 24. b3 Qa6 25. a4 Qb7 26. Rc3 Rxc3 27. Qxc3 Rc8 28. Qa5 Qb6 29. Qxb6 axb6 30. b4 Kf8 31. a5 bxa5 32. bxa5 Ra8 33. Ra1 e5 34. Kf1 f6 35. Ke2 Nc5 36. Nd2 Ke7 37. Ra3 Ra6 38. f3 Kd6 39. Kd1 Kc6 40. e4 d4 41. f4 Kb5 42. fxe5 fxe5 43. Rf3 Rf6 44. Ra3 d3 45. Ke1 Kb4 46. Ra1 Na6 47. Rb1+ Kc5 48. Rb7 Kd4 49. Rxg7 Nc5 50. Rxh7 Ra6 51. Rc7 Rh6 52. h4 Rg6 53. Kf2 Nxe4+ 54. Nxe4 Kxe4 55. Rc4+ Kd5 56. Ra4 Ra6 57. Ke3 Rg6 58. g4 e4 59. Rd4+ Kc5 60. Rxe4 Rd6 61. Kd2 Kb5 62. g5 Kxa5 63. Rg4 1-0

[Event "Xeraco Region-ch Preferente"]
[Site "Xeraco"]
[Date "2015.10.31"]
[Round "4.3"]
[White "Miquel Badenes, Indalecio"]
[Black "Albert Garrote, Amadeo"]
[Result "1-0"]
[WhiteElo "1855"]
[BlackElo "1775"]
[PlyCount "41"]
[EventDate "2015.10.03"]
[EventType "swiss"]
[EventRounds "7"]
[EventCountry "ESP"]
[SourceTitle "EXT 2024"]
[Source "ChessBase"]
[SourceDate "2023.10.10"]
[SourceVersion "1"]
[SourceVersionDate "2023.10.10"]
[SourceQuality "1"]

1. d4 d5 2. c4 c6 3. Nf3 Nf6 4. e3 e6 5. Nc3 Be7 6. Bd3 Nbd7 7. 0-0 0-0 8. Qc2 dxc4 9. Bxc4 c5 10. Rd1 cxd4 11. exd4 Nb6 12. Bb3 Nbd5 13. Ne4 b6 14. Ne5 Bb7 15. Ng5 Rc8 16. Qd3 g6 17. Qh3 Nh5 18. Ngxf7 Qe8 19. Qxe6 Ng7 20. Nh6+ Kh8 21. Qg8+ 1-0

[Event "LSS No Engine Cup 121 Preliminary 1"]
[Site "LSS email"]
[Date "2014.11.13"]
[Round "?"]
[White "Mostowik, Pawel"]
[Black "Miquel Badenes, Indalecio"]
[Result "1-0"]
[WhiteElo "1688"]
[BlackElo "1348"]
[PlyCount "45"]
[EventDate "2014.11.14"]
[EventType "tourn (corr)"]
[EventRounds "6"]
[EventCountry "GER"]
[SourceTitle "Corr 2015"]
[Source "ChessBase"]
[SourceDate "2015.07.17"]
[SourceVersion "1"]
[SourceVersionDate "2015.07.17"]
[SourceQuality "1"]

1. e4 c5 2. Nf3 d6 3. d4 cxd4 4. Nxd4 Nf6 5. Nc3 e6 6. Bc4 Be7 7. 0-0 0-0 8. Be3 a6 9. f3 b5 10. Bb3 Bb7 11. Qe1 Nbd7 12. Rd1 Qc7 13. a3 Ne5 14. Qg3 Nc4 15. Bxc4 Qxc4 16. Bh6 Nh5 17. Qg4 Bf6 18. Nb3 Rfd8 19. Qxh5 gxh6 20. Qxh6 Bxc3 21. bxc3 Qxc3 22. Rd4 a5 23. e5 1-0

[Event "LSS No Engine Cup 116 Preliminary 1"]
[Site "LSS email"]
[Date "2014.08.22"]
[Round "?"]
[White "Miquel Badenes, Indalecio"]
[Black "Kolanek, Roman"]
[Result "0-1"]
[WhiteElo "1348"]
[BlackElo "1934"]
[PlyCount "54"]
[EventDate "2014.08.23"]
[EventType "tourn (corr)"]
[EventRounds "6"]
[EventCountry "GER"]
[SourceTitle "Corr 2015"]
[Source "ChessBase"]
[SourceDate "2015.07.17"]
[SourceVersion "1"]
[SourceVersionDate "2015.07.17"]
[SourceQuality "1"]

1. d4 Nf6 2. c4 e6 3. Nf3 Nc6 4. a3 d5 5. e3 Bd6 6. Nc3 0-0 7. c5 Be7 8. Bd3 a5 9. 0-0 b6 10. cxb6 cxb6 11. Bd2 Ba6 12. Bxa6 Rxa6 13. Rc1 Ra8 14. Na4 Na7 15. Ne5 Bd6 16. Nc6 Nxc6 17. Rxc6 b5 18. Nc5 Qb8 19. Nd3 Bxh2+ 20. Kh1 Bd6 21. Qe1 b4 22. axb4 Ne4 23. Rc2 Qb5 24. Nc5 Nxd2 25. Rxd2 axb4 26. Qc1 Bxc5 27. dxc5 Rfc8 0-1

[Event "LSS No Engine Cup 116 Preliminary 1"]
[Site "LSS email"]
[Date "2014.08.22"]
[Round "?"]
[White "Miquel Badenes, Indalecio"]
[Black "Korinek, Jaroslav"]
[Result "1/2-1/2"]
[WhiteElo "1348"]
[BlackElo "1815"]
[PlyCount "51"]
[EventDate "2014.08.23"]
[EventType "tourn (corr)"]
[EventRounds "6"]
[EventCountry "GER"]
[SourceTitle "Corr 2015"]
[Source "ChessBase"]
[SourceDate "2015.07.17"]
[SourceVersion "1"]
[SourceVersionDate "2015.07.17"]
[SourceQuality "1"]

1. d4 d5 2. c4 c6 3. Nf3 dxc4 4. e3 b5 5. a4 e6 6. axb5 cxb5 7. b3 Nf6 8. bxc4 bxc4 9. Bxc4 Be7 10. 0-0 Bb7 11. Bb5+ Nbd7 12. Ne5 0-0 13. Nc6 Bxc6 14. Bxc6 Rc8 15. Bf3 Qc7 16. Ba3 Nb6 17. Nd2 Bxa3 18. Rxa3 Qe7 19. Qa1 Rc7 20. Nb3 Rfc8 21. Nc5 h6 22. Rc1 Nbd7 23. Rxa7 Nxc5 24. Rxc7 Rxc7 25. dxc5 Rxc5 26. Rxc5 1/2-1/2

[Event "LSS No Engine Cup 116 Preliminary 1"]
[Site "LSS email"]
[Date "2014.08.22"]
[Round "?"]
[White "Miquel Badenes, Indalecio"]
[Black "Ruzicka, Richard"]
[Result "1/2-1/2"]
[WhiteElo "1348"]
[BlackElo "1305"]
[PlyCount "84"]
[EventDate "2014.08.23"]
[EventType "tourn (corr)"]
[EventRounds "6"]
[EventCountry "GER"]
[SourceTitle "Corr 2015"]
[Source "ChessBase"]
[SourceDate "2015.07.17"]
[SourceVersion "1"]
[SourceVersionDate "2015.07.17"]
[SourceQuality "1"]

1. d4 Nf6 2. Bg5 e6 3. e4 Be7 4. e5 Nd5 5. Bxe7 Nxe7 6. Bd3 Nbc6 7. Nf3 d5 8. 0-0 Ng6 9. a3 0-0 10. c3 f5 11. Nbd2 Bd7 12. c4 Nce7 13. cxd5 Nxd5 14. Bc4 Bc6 15. Nb3 b6 16. Ba6 Rb8 17. Rc1 Ba8 18. g3 Nge7 19. Ng5 Qd7 20. Qe2 h6 21. Nf3 Kh7 22. Rfd1 Rf7 23. Bd3 Rg8 24. h4 Kh8 25. h5 g5 26. hxg6 Nxg6 27. Kh2 Rfg7 28. Rg1 Qf7 29. Nbd2 Ngf4 30. Qf1 Nxd3 31. Qxd3 Nf4 32. Qf1 Qh5+ 33. Nh4 Rg4 34. Rc3 Rxh4+ 35. gxh4 Rxg1 36. Kxg1 Qxh4 37. f3 Nh3+ 38. Kg2 Nf4+ 39. Kg1 Bb7 40. Rxc7 Qg3+ 41. Kh1 Qh4+ 42. Kg1 Qg3+ 1/2-1/2

[Event "LSS No Engine Cup 115 Preliminary 6"]
[Site "LSS email"]
[Date "2014.08.04"]
[Round "?"]
[White "Miquel Badenes, Indalecio"]
[Black "Bester, Kazimierz"]
[Result "1-0"]
[WhiteElo "1361"]
[BlackElo "744"]
[PlyCount "83"]
[EventDate "2014.08.05"]
[EventType "tourn (corr)"]
[EventRounds "6"]
[EventCountry "GER"]
[SourceTitle "Corr 2015"]
[Source "ChessBase"]
[SourceDate "2015.07.17"]
[SourceVersion "1"]
[SourceVersionDate "2015.07.17"]
[SourceQuality "1"]

1. d4 e6 2. c4 c5 3. d5 exd5 4. cxd5 d6 5. Nc3 Nf6 6. e4 Be7 7. h3 Nbd7 8. Nf3 Qa5 9. Bd3 0-0 10. 0-0 a6 11. Bd2 b5 12. Nxb5 Qb6 13. Na3 Ne8 14. Nc4 Qb8 15. Bc3 Nb6 16. Nfd2 Bd7 17. Nxb6 Ra7 18. Nxd7 Rxd7 19. Qg4 Qa7 20. Bxa6 Nf6 21. Qe2 Ra8 22. Bb5 Rdd8 23. a4 h6 24. Nc4 Nh7 25. f4 f6 26. Qg4 Kh8 27. Rad1 Rg8 28. e5 Raf8 29. Nxd6 Bxd6 30. exd6 f5 31. Qg6 Rf6 32. Bxf6 Nxf6 33. Rfe1 c4+ 34. Kh2 Qf2 35. Qxf5 Qxb2 36. Bxc4 Rd8 37. Re7 Rxd6 38. Rb1 Qd4 39. Rb8+ Ng8 40. Bd3 g6 41. Qf7 Qf6 42. Qxg8# 1-0

[Event "LSS No Engine Cup 115 Preliminary 6"]
[Site "LSS email"]
[Date "2014.08.04"]
[Round "?"]
[White "Schnoewitz, Brigitte"]
[Black "Miquel Badenes, Indalecio"]
[Result "0-1"]
[WhiteElo "1111"]
[BlackElo "1361"]
[PlyCount "84"]
[EventDate "2014.08.05"]
[EventType "tourn (corr)"]
[EventRounds "6"]
[EventCountry "GER"]
[SourceTitle "Corr 2015"]
[Source "ChessBase"]
[SourceDate "2015.07.17"]
[SourceVersion "1"]
[SourceVersionDate "2015.07.17"]
[SourceQuality "1"]

1. d4 d5 2. e3 Nf6 3. Nf3 e6 4. c4 c5 5. Nc3 Nc6 6. Be2 cxd4 7. Nxd4 Nxd4 8. Qxd4 dxc4 9. Qxd8+ Kxd8 10. Bxc4 Bd7 11. 0-0 Bb4 12. Rd1 Ke7 13. Bd2 Rac8 14. Bb3 Rhd8 15. a3 Ba5 16. Ba2 a6 17. b4 Bc7 18. f4 Bc6 19. a4 Bb6 20. Kf1 Ng4 21. h3 Nxe3+ 22. Bxe3 Bxe3 23. Ne2 Rxd1+ 24. Rxd1 Bxa4 25. Rd3 Bb6 26. Ke1 Rc2 27. Ra3 Bb5 28. Nc3 Rxg2 29. Nxb5 axb5 30. Kd1 Rf2 31. Bb1 Rxf4 32. Rb3 h6 33. Ke2 g5 34. Bd3 Rf2+ 35. Kd1 Rf3 36. Kc2 Rxh3 37. Rb1 g4 38. Be4 g3 39. Re1 Rh2+ 40. Kb3 g2 41. Bxg2 Rxg2 42. Re5 Rg5 0-1

[Event "LSS No Engine Cup 112 Preliminary 3"]
[Site "LSS email"]
[Date "2014.06.17"]
[Round "?"]
[White "Miquel Badenes, Indalecio"]
[Black "Verich, Oleg"]
[Result "1-0"]
[WhiteElo "1361"]
[BlackElo "1027"]
[PlyCount "113"]
[EventDate "2014.06.18"]
[EventType "tourn (corr)"]
[EventRounds "6"]
[EventCountry "GER"]
[SourceTitle "Corr 2015"]
[Source "ChessBase"]
[SourceDate "2015.07.17"]
[SourceVersion "1"]
[SourceVersionDate "2015.07.17"]
[SourceQuality "1"]

1. d4 Nf6 2. c4 e6 3. g3 Bb4+ 4. Bd2 Bxd2+ 5. Qxd2 0-0 6. Bg2 d5 7. Nf3 Ne4 8. Qc2 Nd7 9. 0-0 Ndf6 10. Nc3 c6 11. Ne5 Nxc3 12. Qxc3 Nd7 13. Nd3 Qf6 14. Rac1 dxc4 15. Qxc4 Nb6 16. Qc5 Rd8 17. e3 Nd7 18. Qc3 Re8 19. e4 Qe7 20. Rfe1 Nf6 21. d5 Bd7 22. d6 Qd8 23. Nc5 Qc8 24. Qb3 b6 25. Nd3 Rb8 26. e5 Nd5 27. Nb4 Nxb4 28. Qxb4 c5 29. Qd2 Rd8 30. b4 c4 31. Qd4 b5 32. Qxa7 Bc6 33. Bxc6 Qxc6 34. Qa3 Ra8 35. Qb2 Ra4 36. a3 Rd7 37. Rc3 Qd5 38. Qc2 Qa8 39. Ree3 f6 40. exf6 Rxd6 41. fxg7 Qd5 42. Re4 Rc6 43. Qe2 Rd6 44. Qg4 Qf5 45. Qxf5 exf5 46. Re5 Rd3 47. Rxd3 cxd3 48. Rxf5 Rxa3 49. Kg2 d2 50. Rd5 Rb3 51. Rxd2 Rxb4 52. Rd7 Rb2 53. h4 b4 54. h5 h6 55. g4 Kh7 56. g5 hxg5 57. h6 1-0

[Event "SD-2013-0-00183"]
[Site "LSS email"]
[Date "2014.01.03"]
[Round "?"]
[White "Celan, Melissa"]
[Black "Miquel Badenes, Indalecio"]
[Result "1-0"]
[WhiteElo "1719"]
[BlackElo "1449"]
[PlyCount "58"]
[EventDate "2013.10.27"]
[EventType "tourn (corr)"]
[EventRounds "6"]
[EventCountry "GER"]
[SourceTitle "Telechess CBM 167"]
[Source "ChessBase"]
[SourceDate "2015.07.13"]
[SourceVersion "1"]
[SourceVersionDate "2015.07.13"]
[SourceQuality "1"]

1. d4 d5 2. c3 Nf6 3. Bf4 e6 4. e3 c5 5. Nd2 Nc6 6. Bd3 Bd6 7. Bg5 h6 8. Bxf6 Qxf6 9. Ngf3 0-0 10. 0-0 Bd7 11. Bb1 e5 12. dxc5 Bxc5 13. Nb3 Qd6 14. c4 d4 15. Qd3 f5 16. exd4 Nxd4 17. Nfxd4 Bxd4 18. Nxd4 Qxd4 19. Qxd4 exd4 20. Rd1 Rfe8 21. Bc2 Re2 22. Rac1 Rae8 23. Kf1 R2e5 24. Rxd4 Bc6 25. b4 a6 26. a4 R8e7 27. b5 axb5 28. cxb5 Be8 29. f4 Rc5 1-0

[Event "LSS No Engine Cup 100 Preliminary 3"]
[Site "LSS email"]
[Date "2013.12.13"]
[Round "?"]
[White "Miquel Badenes, Indalecio"]
[Black "Schubert, Steffen"]
[Result "1/2-1/2"]
[WhiteElo "1386"]
[BlackElo "1967"]
[PlyCount "88"]
[EventDate "2013.12.14"]
[EventType "tourn (corr)"]
[EventRounds "6"]
[EventCountry "GER"]
[SourceTitle "Telechess CBM 167"]
[Source "ChessBase"]
[SourceDate "2015.07.13"]
[SourceVersion "1"]
[SourceVersionDate "2015.07.13"]
[SourceQuality "1"]

1. d4 Nf6 2. c4 e6 3. Nc3 Bb4 4. e3 0-0 5. Bd3 d5 6. Nf3 c5 7. 0-0 Nc6 8. a3 Bxc3 9. bxc3 b6 10. cxd5 exd5 11. Ne5 Qd6 12. Nxc6 Qxc6 13. f3 Re8 14. a4 Bd7 15. Qe2 a5 16. Re1 h6 17. Qf2 cxd4 18. cxd4 Qc3 19. Ra3 Qb4 20. Qd2 Bxa4 21. Qxb4 axb4 22. Ra1 b3 23. Bd2 g6 24. Rab1 Rac8 25. Rec1 Rxc1+ 26. Rxc1 Kg7 27. Kf2 Ra8 28. Rb1 b5 29. Bb4 Nd7 30. e4 Nb6 31. e5 Nc4 32. Ke2 Re8 33. f4 f5 34. g3 h5 35. h4 Kf7 36. Ke1 Ke6 37. Ke2 Rc8 38. Kd1 Ra8 39. Ke2 Rc8 40. Kd1 Rc7 41. Ke2 Rc6 42. Kd1 Ra6 43. Ke2 Rc6 44. Ke1 Rc7 1/2-1/2

[Event "Provincial-ch Gandia Preferente"]
[Site "Gandia"]
[Date "2013.11.16"]
[Round "6"]
[White "Miquel Badenes, Indalecio"]
[Black "Avargues Arlandis, Vicente"]
[Result "0-1"]
[WhiteElo "1925"]
[BlackElo "1846"]
[PlyCount "52"]
[EventDate "2013.10.05"]
[EventType "swiss"]
[EventRounds "7"]
[EventCountry "ESP"]
[SourceTitle "EXT 2024"]
[Source "ChessBase"]
[SourceDate "2023.10.10"]
[SourceVersion "1"]
[SourceVersionDate "2023.10.10"]
[SourceQuality "1"]

1. c4 c5 2. Nc3 Nc6 3. g3 g6 4. Bg2 Bg7 5. e3 e6 6. Nge2 Nge7 7. 0-0 d6 8. d4 0-0 9. a3 Rb8 10. Rb1 b6 11. b3 cxd4 12. exd4 d5 13. Bf4 Ra8 14. c5 Ba6 15. Re1 Nf5 16. Be3 bxc5 17. dxc5 Nxe3 18. fxe3 Bxe2 19. Nxe2 Qa5 20. a4 Qxc5 21. Nf4 Nb4 22. Rc1 Qb6 23. Nd3 Rab8 24. Nc5 Rfc8 25. Bf1 Na2 26. Rc2 Nc3 0-1

[Event "LSS No Engine Cup 97 Preliminary 5"]
[Site "LSS email"]
[Date "2013.11.04"]
[Round "?"]
[White "Miquel Badenes, Indalecio"]
[Black "Lombardi, Donato"]
[Result "1-0"]
[WhiteElo "1386"]
[BlackElo "855"]
[PlyCount "69"]
[EventDate "2013.11.05"]
[EventType "tourn (corr)"]
[EventRounds "6"]
[EventCountry "GER"]
[SourceTitle "Telechess CBM 167"]
[Source "ChessBase"]
[SourceDate "2015.07.13"]
[SourceVersion "1"]
[SourceVersionDate "2015.07.13"]
[SourceQuality "1"]

1. d4 d5 2. c4 c6 3. Nf3 Nf6 4. Nc3 e6 5. Bg5 Be7 6. e3 0-0 7. Bd3 Nbd7 8. 0-0 h6 9. Bh4 Ne4 10. Bxe7 Nxc3 11. bxc3 Qxe7 12. cxd5 cxd5 13. Rc1 e5 14. e4 Nf6 15. Nxe5 dxe4 16. Bb1 Be6 17. Re1 Rad8 18. Qa4 b6 19. Bxe4 Nxe4 20. Rxe4 Bf5 21. Ree1 Qc7 22. Qb3 Be6 23. Qc2 Rc8 24. Qd2 Rfd8 25. f4 f6 26. Ng6 Re8 27. Re3 Bf7 28. f5 Bxg6 29. fxg6 Red8 30. Qe2 Qf4 31. Re1 Kf8 32. Re7 Qd6 33. a4 Qc6 34. Rf7+ Kg8 35. Qe7 1-0

[Event "SD-2013-0-00177"]
[Site "LSS email"]
[Date "2013.10.04"]
[Round "?"]
[White "Miquel Badenes, Indalecio"]
[Black "Kalinin, Vyacheslav"]
[Result "1/2-1/2"]
[WhiteElo "1386"]
[BlackElo "1327"]
[PlyCount "170"]
[EventDate "2013.08.20"]
[EventType "tourn (corr)"]
[EventRounds "6"]
[EventCountry "GER"]
[SourceTitle "Telechess CBM 167"]
[Source "ChessBase"]
[SourceDate "2015.07.13"]
[SourceVersion "1"]
[SourceVersionDate "2015.07.13"]
[SourceQuality "1"]

1. d4 d5 2. c4 e6 3. Nc3 c6 4. Nf3 Nf6 5. e3 Bb4 6. Bd2 0-0 7. Bd3 dxc4 8. Bxc4 b5 9. Bd3 Bb7 10. 0-0 a6 11. Ne4 Bxd2 12. Qxd2 Nxe4 13. Bxe4 Nd7 14. Rac1 Rc8 15. b4 a5 16. a3 axb4 17. axb4 Qe7 18. Ne1 Nf6 19. Bf3 e5 20. dxe5 Qxe5 21. Nd3 Qd6 22. Qc2 Nd5 23. Qb3 Kh8 24. Nc5 Ba8 25. Rfd1 Qg6 26. Nd7 Rfd8 27. Ne5 Qe6 28. Nxf7+ Qxf7 29. e4 Qf4 30. exd5 cxd5 31. Rxc8 Rxc8 32. Bxd5 Rf8 33. Qf3 Qxf3 34. Bxf3 Bxf3 35. gxf3 Kg8 36. Rd5 Rxf3 37. Rxb5 Rb3 38. Rb7 h5 39. Kg2 Kh7 40. b5 h4 41. h3 Kh6 42. b6 Kg6 43. Rb8 Kh7 44. b7 g5 45. f3 Rb2+ 46. Kf1 Kg7 47. Ke1 Kh7 48. Kd1 Kg7 49. Kc1 Rb6 50. Kc2 Rb5 51. Kc3 Rb1 52. Kd4 Rb2 53. Ke5 Rb5+ 54. Ke4 Rb4+ 55. Kf5 Rb5+ 56. Kg4 Kh7 57. Rf8 Rxb7 58. Kxg5 Kg7 59. Rf4 Rb5+ 60. Kxh4 Kg6 61. Kg3 Kh5 62. h4 Rb1 63. Rf5+ Kg6 64. Ra5 Rb3 65. Kg4 Rb1 66. Ra6+ Kf7 67. h5 Rg1+ 68. Kf5 Rb1 69. Ra7+ Kg8 70. f4 Rb5+ 71. Kg6 Rb6+ 72. Kg5 Rc6 73. f5 Rb6 74. f6 Rb1 75. h6 Rg1+ 76. Kf5 Rf1+ 77. Ke5 Re1+ 78. Kd4 Rd1+ 79. Ke3 Rf1 80. Rg7+ Kh8 81. Rf7 Kg8 82. h7+ Kh8 83. Ke4 Re1+ 84. Kd5 Re5+ 85. Kd6 Re6+ 1/2-1/2

[Event "LSS No Engine Cup 95 Preliminary 2"]
[Site "LSS email"]
[Date "2013.09.21"]
[Round "?"]
[White "Miquel Badenes, Indalecio"]
[Black "Hinestroza, Douglas"]
[Result "1/2-1/2"]
[WhiteElo "1453"]
[BlackElo "741"]
[PlyCount "70"]
[EventDate "2013.09.22"]
[EventType "tourn (corr)"]
[EventRounds "6"]
[EventCountry "GER"]
[SourceTitle "Telechess CBM 163"]
[Source "ChessBase"]
[SourceDate "2014.11.11"]
[SourceVersion "2"]
[SourceVersionDate "2014.11.11"]
[SourceQuality "1"]

1. d4 d5 2. c4 c6 3. Nf3 Nf6 4. e3 e6 5. b3 Be7 6. Bd3 0-0 7. Bb2 Nbd7 8. 0-0 b6 9. Nbd2 Ba6 10. Qc2 Qc7 11. Rfe1 Rac8 12. Rac1 Bd6 13. e4 dxe4 14. Nxe4 Nxe4 15. Bxe4 Nf6 16. Bd3 h6 17. h3 c5 18. dxc5 Bxc5 19. Qd2 Be7 20. Be5 Qc6 21. Bb1 Rfd8 22. Qc2 Bb7 23. Bxf6 Bxf6 24. Qh7+ Kf8 25. Be4 Qc7 26. Bxb7 Qxb7 27. Rcd1 Ke7 28. Qc2 Qc7 29. Re3 Rxd1+ 30. Qxd1 Rd8 31. Qe1 Qd6 32. Kf1 Qd1 33. Ne5 Qxe1+ 34. Kxe1 Rd6 35. Ke2 Bg5 1/2-1/2